A world of three zeros : (Record no. 146803)

MARC details
000 -LEADER
fixed length control field 00717nam a22002057a 4500
005 - DATE AND TIME OF LATEST TRANSACTION
control field 20171024122342.0
010 ## - LCCN (DPL NO)
LC control number ENG-121053
020 ## - INTERNATIONAL STANDARD BOOK NUMBER
Terms of availability 599.00
International Standard Book Number 9789351952053
035 ## - SYSTEM CONTROL NUMBER
System control number EN-104585
037 ## - SOURCE OF ACQUISITION
Source of stock number/acquisition DBAD/PUB
082 ## - DEWEY DECIMAL CLASSIFICATION NUMBER
Classification number 330
100 ## - MAIN ENTRY--PERSONAL NAME
Personal name Muhammad Yunus
245 ## - TITLE STATEMENT
Title A world of three zeros :
Remainder of title the new economics of zero poverty, zero unemployment, and zero net carbon emissions /
Statement of responsibility, etc by Muhammad Yunus [and] Karl Weber
260 ## - PUBLICATION, DISTRIBUTION, ETC. (IMPRINT)
Place of publication, distribution, etc Gurgaon
Name of publisher, distributor, etc Hachette Book Publishing
Date of publication, distribution, etc 2017
270 ## - ADDRESS
Address 4th and 5th Floors, Corporate Centre, Plot No. 94, Sector 44
City Gurgaon
Postal code 122003
300 ## - PHYSICAL DESCRIPTION
Extent 288p.
Dimensions 22.5cm(Hb)
500 ## - GENERAL NOTE
General note Includes index
700 ## - ADDED ENTRY--PERSONAL NAME
Personal name Weber, Karl
942 ## - ADDED ENTRY ELEMENTS (KOHA)
Source of classification or shelving scheme Dewey Decimal Classification
Item type English Books
Classification part 330
Call number suffix MUH
Holdings
Withdrawn status Lost status Not for loan Collection code Home library Current library Date acquired Source of acquisition Cost, normal purchase price Full call number Barcode Copy number Cost, replacement price Koha item type
    Not For Loan Non-fiction D.B.Act.Division Bawana 24/10/2017 DBAD/PUB 599.00 330 MUH EN-104585 1 599.00 English Books

© Delhi Public Library
Hit Counter
free hit counter